Undécimo Seminario Nacional de Derecho Internacional Privado /

La presente memoria da cuenta del debate producido en el seminario en torno a los 13 instrumentos interamericanos conflictuales que en materia de Derecho Internacional Privado México ha firmado y ratificado. Aborda también aspectos privatísticos del endeudamiento externo.

Salvato in:
Dettagli Bibliografici
Ente Autore: UNAM
Natura: Libro
Lingua:spagnolo
Pubblicazione: México : UNAM, 1989
Soggetti:
Tags: Aggiungi Tag
Nessun Tag, puoi essere il primo ad aggiungerne!!

MARC

LEADER 00000nam^a2200000^a^4500
001 000025866
005 20250521000000.0
009 20260310084709.914
020 |a 968-36-0802-7 
037 |a Acervo ITESO - Biblioteca 
041 |a ESP 
082 |a 340. 9  |b UNI 
110 |a UNAM 
245 1 0 |a Undécimo Seminario Nacional de Derecho Internacional Privado /  |c UNAM. 
264 1 |a México :  |b UNAM,  |c 1989 
300 |a 411 p. 
336 |a texto  |b txt  |2 rdacontenido 
337 |a sin mediación  |b n  |2 rdamedio 
338 |a volumen  |b nc  |2 rdasoporte 
520 |a La presente memoria da cuenta del debate producido en el seminario en torno a los 13 instrumentos interamericanos conflictuales que en materia de Derecho Internacional Privado México ha firmado y ratificado. Aborda también aspectos privatísticos del endeudamiento externo. 
649 |a XX 
650 |a Derecho Internacional -  |x Aspectos Sociales y Culturales 
650 |a Relaciones Internacionales 
910 |a Fondo General 
920 |a Impresos - Libros 
930 |a Colección General 
905 |a 101 
901 |a 0258660100  |b IT1  |c ACC  |i 025866  |u 20250521 
902 |a https://opac.biblio.iteso.mx/vufind/Record/000025866